Gender development

Αποθηκεύτηκε σε:
Λεπτομέρειες βιβλιογραφικής εγγραφής
Κύριος συγγραφέας: Golombok, Susan
Άλλοι συγγραφείς: Fivush, Robyn
Μορφή: Βιβλίο
Γλώσσα:English
Δημοσίευση: Cambridge : Cambridge University Press, 1994
Θέματα:
Ετικέτες: Προσθήκη ετικέτας
Δεν υπάρχουν, Καταχωρήστε ετικέτα πρώτοι!

MARC

LEADER 00000nam a2200000 i 4500
001 1/101620
008 000211s1994 eng d
020 |a 0-521-40862-8 
035 |l 10057757 
040 |a GR-MY-UA  |b gre  |e aacr 
041 0 |a eng 
082 0 |a 305.3 
100 1 |a Golombok, Susan. 
245 1 0 |a Gender development /  |c Susan Golombok, Robyn Fivush 
260 |a Cambridge :   |b Cambridge University Press,   |c 1994 
300 |a 275 p. 
650 0 0 |a Sex role. 
650 0 0 |a Gender identity. 
700 1 |a Fivush, Robyn. 
852 |a INST  |b RHODES  |e 20000211  |h 305.3 GOL  |p 005400012261  |q 005400012261  |t BK  |y 0 
901 |a BIBL4-2000-1 
909 |a Ρ  |b 068694 
922 |a 4ΕΛΗ  |b 199909  |c ΚΠΣ/154  |d GLORY BOOKS 
970 |a ΚΟΥΛΑΚΙΟΤΗ  |b ΛΙΤΣΑ  |z 2000/02/11